400 metros al norte del kiosko del Morazán (Record no. 1658)

MARC details
000 -LEADER
campo de control de longitud fija 00468nam a2200133 4500
008 - DATOS DE LONGITUD FIJA--INFORMACIÓN GENERAL
campo de control de longitud fija 708 C238c
082 ## - NÚMERO DE LA CLASIFICACIÓN DECIMAL DEWEY
Número de clasificación 708
Número de ítem C238c
100 ## - ENTRADA PRINCIPAL--NOMBRE DE PERSONA
Nombre de persona Capelán, Carlos
9 (RLIN) 6765
245 ## - MENCIÓN DEL TÍTULO
Título 400 metros al norte del kiosko del Morazán
260 ## - PUBLICACIÓN, DISTRIBUCIÓN, ETC.
Lugar de publicación, distribución, etc. San José, Costa Rica
Nombre del editor, distribuidor, etc. TEOR/éTica
Fecha de publicación, distribución, etc. 1999
300 ## - DESCRIPCIÓN FÍSICA
Extensión 14 p.
Otras características físicas ill (col)
Dimensiones 20 x 21,7 cm
650 ## - PUNTO DE ACCESO ADICIONAL DE MATERIA--TÉRMINO DE MATERIA
Subdivisión general arte contemporáneo
-- arte - exhibiciones
-- arte - catálogo de exhibición
-- Uruguay
-- Costa Rica
9 (RLIN) 6766
700 ## - ENTRADA AGREGADA--NOMBRE PERSONAL
Nombre de persona Pérez-Ratton, Virginia
9 (RLIN) 580
Holdings
Estatus retirado Estado de pérdida Fuente del sistema de clasificación o colocación Estado de daño No para préstamo Biblioteca de origen Biblioteca actual Ubicación en estantería Fecha de adquisición Total de préstamos Signatura topográfica completa Código de barras Visto por última vez Precio de reemplazo Tipo de ítem Koha
    Clasificación Decimal Dewey     Biblioteca LadoV Biblioteca LadoV   01/11/2018   708 C238c 002084 01/11/2018 01/11/2018 Material 01
    Clasificación Decimal Dewey     Biblioteca LadoV Biblioteca LadoV   01/11/2018   708 C238c 002182 01/11/2018 01/11/2018 Material 01